000 00308nam a2200109Ia 4500
008 231129s9999||||xx |||||||||||||| ||spa||
020 _a968-24-1103-3
082 _a664.8 T147t
245 0 _aTaller de frutas y hortalizas
264 _aMéxico : Trillas
942 _2ddc
_cBKS
999 _c24975
_d24975